000 01053cam a22001814a 4500
005 20250605164403.0
008 250528s ||||||||||||||||||||||||d
035 _a24679
040 _aGR-AtMCL
_bgre
_dGR-AtMCL
_eAACR2
245 1 _aΚορονοϊος: Η Επόμενη Μέρα της Ελληνικής Οικονομίας
260 _bΕμπορικό Και Βιομηχανικό Επιμελητήριο Αθηνών,
_c2020
300 _a64
520 _aΌσο η Επόμενη Ημέρα Αργήσει τόσο πιο Δύσκολη θα είναι η Νέα Πραγματικότητα, Ανάπτυξη και Απασχόληση το Στοίχημα της Επόμενης Μέρας, Αγώνας Δρόμου για να μην Χαθεί η Εφετινή Τουριστική Σεζόν, Τα Μέτρα θα Αρχίσουν να Χαλαρώνουν Σταδιακά από τα Μέσα Μαϊου.
700 1 _aΜίχαλος Κωνσταντίνος
_94319
942 _cCR
999 _c9546
_d9546